| 000 | 00407cam a22001217a 4500 | ||
|---|---|---|---|
| 008 | 180718b1981 xxu||||| |||| 00| 0 eng d | ||
| 082 | _aAPPPA 80-81 RAJA | ||
| 100 | _aRajamani, R.P. | ||
| 245 |
_aProblems of married women executives in India _cby R.P. Rajamani |
||
| 260 |
_aNew Delhi _bIndian Institute of Public Administration _c1981 |
||
| 300 | _a182+p. | ||
| 650 | _aProblems-Married women executives-India | ||
| 999 |
_c501244 _d501244 |
||